Communauté d'agglomération de Châlons en Champagne - Statistiques

Statistiques générales
  • Ce quiz a été pris 9 fois
  • Le résultat moyen est 17 sur 45
Statistiques - réponses
population réponse % Correct
43 218 Châlons en Champagne
100%
794 Saint Martin sur le Pré
86%
5 439 Saint Memmie
86%
4 886 Fagnières
71%
146 Vatry
71%
1 077 Recy
57%
2 028 Sarry
57%
1 307 Compertrix
43%
550 Jâlons
43%
676 L'Epine
43%
628 Matougues
43%
569 Moncetz-Longevas
43%
4 984 Mourmelon le Grand
43%
806 Mourmelon le Petit
43%
300 saint Pierre
43%
295 Thibie
43%
462 Vraux
43%
287 Aigny
29%
276 Aulnay Sur Marne
29%
295 Baconnes
29%
536 Bouy
29%
315 Bussy Lettrée
29%
323 Champigneul-Champagne
29%
120 Cheniers
29%
749 Condé sur Marne
29%
230 Coolus
29%
163 Dommartin-Lettrée
29%
139 Haussimont
29%
109 Isse
29%
959 Juvigny
29%
574 La Neuville au Temple
29%
603 La Veuve
29%
285 Les Grandes Loges
29%
1 083 Livry-Louvercy
29%
46 Montépreux
29%
786 Saint Etienne au Temple
29%
548 Saint Gibrien
29%
474 Sommesous
29%
152 Soudé
29%
299 Soudron
29%
62 Vassimont et Chapelaine
29%
84 Cherville
14%
109 Lenharré
14%
236 Vadenay
14%
297 Villers le Château
14%
Aucun quiz correspondant
Distribution des résultats
% des personnes avec chaque résultat
Percentile par nombre de réponses
Votre historique - résultats
Vous n’avez pas pris ce quiz